000 00829nam a2200253Ia 4500
003 OSt
005 20220925181508.0
006 a|||||r|||| 00| 0
007 ta
008 220923b |||||||| |||| 00| 0 eng d
020 _a9781849804073
_c4487.4099999999999
037 _bBBS/179, 22/03/2012, Better Book Service
_cGeneral Book
040 _aRTL
_cRTL
_beng
041 _2eng
_aeng
082 _aXM8:8, Q1
100 _aPrimecz Henriett
_9253962
245 0 _aCross-cultural management in practice
_b Culture and negotiated meanings
260 _aCheltenham
_bEdward Elgar
_c2011
300 _axx, 165p
_ccm.
500 _aBibliography chapterwise
650 _aCommerce
942 _hXM8:8, Q1
_cGB
_2CC
999 _c499436
_d499436